000 00584nam a2200229Ia 4500
003 OSt
005 20221006164019.0
006 a|||||r|||| 00| 0
007 ta
008 221006b |||||||| |||| 00| 0 eng d
024 _a831
037 _cTextual
040 _aFML
_cFML
_beng
041 _2eng
_aeng
082 _aNR44z7, N2
100 _aGoswami Roshni Ed.
_9676443
245 0 _aMan and Music In India
260 _aShimla
_bI. I. A.S.
_c1992
300 _a83
_ccm.
942 _hNR44z7, N2
_cTEXL
_2CC
999 _c1115985
_d1115985